[Event "COL-ch U20"]
[Site "Bogota"]
[Date "2008.05.26"]
[Round "7.16"]
[White "Ruiz, Edgar"]
[Black "Lopez Idarraga, Daniel Eduardo"]
[Result "0-1"]
[WhiteElo "1600"]
[BlackElo "1748"]
[PlyCount "130"]
[EventDate "2008.05.23"]
[EventType "swiss"]
[EventRounds "7"]
[EventCountry "COL"]
[SourceTitle "EXT 2024"]
[Source "ChessBase"]
[SourceDate "2023.10.10"]
[SourceVersion "1"]
[SourceVersionDate "2023.10.10"]
[SourceQuality "1"]

1. e4 c5 2. c4 Nc6 3. Nf3 g6 4. Be2 Bg7 5. 0-0 Nh6 6. d3 0-0 7. Nc3 d6 8. h3 f5 9. exf5 Nxf5 10. Bd2 Nfd4 11. Rc1 Nxf3+ 12. Bxf3 Nd4 13. Be4 Kh8 14. f4 Rb8 15. b3 Bf5 16. Qe1 a6 17. Kh1 b5 18. Nd5 b4 19. Bxf5 Nxf5 20. Ne3 Nd4 21. Nc2 Nc6 22. Qe4 Qd7 23. Rf3 a5 24. Rcf1 e6 25. Be1 a4 26. Bf2 Rfe8 27. d4 d5 28. cxd5 exd5 29. Qd3 c4 30. bxc4 dxc4 31. Qxc4 Na5 32. Qc5 Rb5 33. Nxb4 Rxc5 34. dxc5 Nc6 35. Nxc6 Qxc6 36. Rc1 Re2 37. Rd1 h6 38. a3 Bb2 39. Rd6 Qe4 40. c6 Rc2 41. Rd8+ Kh7 42. Rd7+ Bg7 43. c7 Rc1+ 44. Kh2 Qf5 45. Re7 Rc4 46. Be3 Qf6 47. Rd7 Qe6 48. c8Q Rxc8 49. Ra7 Qc6 50. Bd4 Rc7 51. Rxc7 Qxc7 52. Bxg7 Kxg7 53. h4 Kf6 54. g3 Qc2+ 55. Kh3 Qb3 56. Kg2 Qb2+ 57. Kh3 Kf5 58. Re3 Qb3 59. Re5+ Kf6 60. Ra5 Qxa3 61. Ra6+ Kf5 62. Ra5+ Ke4 63. Re5+ Kf3 64. Re6 Qa2 65. Rxg6 Qg2# 0-1